• 首页
  • 本馆介绍
  • 公告通知
  • 最新文献
  • 馆藏检索
  • 电子资源
  • 读者导购
  • 参考咨询
  • 我的图书馆
  • 登录
  • 详细信息显示
  • 放入我的书架
  • 预约/预借图书
  • 作者相关作品
  • 分类相关作品
  • 丛书相关作品
  • 出版社相关作品

书目信息

  • 表格格式
  • 工作单格式
  • 卡片格式
题名:
灵芝 北虫草高效栽培与加工
    
 
作者: 姚志伟 , 吕作舟 , 刘卿
分册:  
出版信息: 北京   化学工业出版社  2012
页数: 119
开本: 19cm
丛书名:
单 册:
中图分类: S567.3
科图分类:
主题词: 经济作物
电子资源:
ISBN: 978-7-122-13134-8
000 00664nam0 2200205 450
001 1735846483
005 20170410095726.48
010    @a978-7-122-13134-8
100    @a20170410d km y0chiy0120 ea
101 0  @achi
200 1  @a灵芝 北虫草高效栽培与加工@Aling zhi bei chong cao gao xiao zai pei yu jia gong@f吕作舟,刘卿,姚志伟@Flu zuo zhou,liu qing,yao zhi wei
210    @a北京@c化学工业出版社@d2012
215    @a119@c彩图@d19cm
606 0  @a经济作物
690    @aS567.3@v4
701  0 @a姚志伟@Ayao zhi wei
701  0 @a吕作舟@Alu zuo zhou
701  0 @a刘卿@Aliu qing
801  0 @aCN@b大连网信软件有限公司图书馆·11@c20170410
905    @b6604079@dS567.3@en3@f1
    
    灵芝 北虫草高效栽培与加工/吕作舟,刘卿,姚志伟.-北京:化学工业出版社,2012
    119:彩图;19cm
    
    
    ISBN 978-7-122-13134-8:
    
●
相关链接 在E读中查询图书 在五车中查询图书 在当当中查询图书 在豆瓣中查询图书


正题名:灵芝 北虫草高效栽培与加工     索取号:S567.3/n3         预约/预借

序号 登录号 条形码 馆藏地/架位号 状态 备注
1 6604079   266040795   密集书库-生命科学系/ [索取号:S567.3/n3] 在馆    
唐山师范学院图书馆 欢迎您!
大连网信软件有限公司© 版权所有